Fantasy College Football: 2025 - Statistics

General Stats
  • This quiz has been taken 7 times
  • The average score is 14 of 60
Answer Stats
Position Fantasy Pts Answer % Correct
QB 398.35 Fernando Mendoza (IU)
71%
WR 204.4 Jeremiah Smith (OSU)
71%
QB 419.15 Diego Pavia (VAN)
57%
RB 291.2 Jeremiyah Love (ND)
57%
D/ST 205 Ohio State
57%
QB 373.85 Drew Mestemaker (UNT)
43%
D/ST 250 Indiana
43%
RB 316.4 Kewan Lacy (MISS)
43%
TE 104.6 Keyon Sadiq (ORE)
43%
WR 199.2 Makai Lemon (USC)
43%
D/ST 208 Miami
43%
TE 87.3 Tre'Dez Green (LSU)
43%
RB 261.1 Ahmad Hardy (MIZ)
29%
D/ST 172 BYU
29%
TE 100.7 Eli Stowers (VAN)
29%
RB 270.1 Emmett Johnson (NEB)
29%
WR 208.5 Malachi Toney (MIA)
29%
D/ST 190 Notre Dame
29%
D/ST 177 Oregon
29%
WR 203.4 Skyler Bell (CONN)
29%
D/ST 258 Texas Tech
29%
QB 380.35 Trinidad Chambliss (MISS)
29%
K 129 Aidan Birr (GT)
14%
QB 361.2 Alonza Barnett (JMU)
14%
QB 365.85 Anthony Colandrea (UNLV)
14%
RB 232.6 Antwan Raymond (RUTG)
14%
WR 190.5 Beau Sparks (TXST)
14%
QB 403.35 Brad Jackson (TXST)
14%
TE 108 Brody Foley (TLSA)
14%
QB 432.7 Byrum Brown (USF)
14%
RB 334.8 Caleb Hawkins (UNT)
14%
WR 191.9 Camden Brown (GASO)
14%
RB 238.7 Cam Edwards (CONN)
14%
RB 288.5 Cameron Cook (JVST)
14%
K 132 Chris Freeman (CONN)
14%
QB 367.5 Colton Joseph (ODU)
14%
TE 93.7 Daequan Wright (MISS)
14%
TE 98 Dallen Bentley (UTAH)
14%
WR 185.1 Danny Scudero (SJSU)
14%
WR 179 Eric McAlister (TCU)
14%
RB 240 Evan Dickens (LIB)
14%
QB 373.65 Haynes King (GT)
14%
D/ST 171 James Madison
14%
TE 90.9 Justin Joly (NCSU)
14%
K 133 Kansei Matsuzawa (HAW)
14%
K 168 Lucas Carneiro (MISS)
14%
TE 105.4 Michael Trigg (BAY)
14%
K 123 Nico Gramatica (USF)
14%
K 145 Nicolas Radicic (IU)
14%
WR 185.1 Omar Cooper (IU)
14%
K 126 Patrick Durkin (TULN)
14%
D/ST 187 San Diego State
14%
RB 240.9 Sieh Bangura (OHIO)
14%
TE 108.7 Tanner Koziol (HOU)
14%
K 131 Tate Sandell (OU)
14%
TE 96.8 Terrance Carter (TTU)
14%
D/ST 198 Toledo
14%
K 129 Will Bettridge (UVA)
14%
K 128 Will Ferrin (BYU)
14%
WR 198 Wyatt Young (UNT)
14%
No matching quizzes found
Score Distribution
Percent of People with Each Score
Percentile by Number Answered
Your Score History
You have not taken this quiz